[Event "Crema op-B 17th"]
[Site "Crema"]
[Date "2016.09.02"]
[Round "2"]
[White "Vargiu, Antonio"]
[Black "Bongiorni, Gabriele"]
[Result "1-0"]
[WhiteElo "1654"]
[BlackElo "1795"]
[PlyCount "58"]
[EventDate "2016.09.02"]
[EventType "swiss"]
[EventRounds "6"]
[EventCountry "ITA"]
[SourceTitle "EXT 2018"]
[Source "ChessBase"]
[SourceDate "2017.10.13"]
[SourceVersion "1"]
[SourceVersionDate "2017.10.13"]
[SourceQuality "1"]

1. e4 c5 2. c3 d5 3. exd5 Qxd5 4. d4 Nf6 5. Nf3 Nc6 6. Be2 e6 7. Na3 Be7 8. 0-0 a6 9. Nc4 Qd8 10. Bg5 cxd4 11. cxd4 0-0 12. Rc1 b5 13. Ne3 Bb7 14. a3 Rc8 15. Qd3 Nd5 16. Bxe7 Ndxe7 17. Rfd1 Nd5 18. Nxd5 Qxd5 19. Rc5 Qd7 20. Ng5 g6 21. Qh3 f5 22. d5 exd5 23. Rcxd5 Qg7 24. Rd7 Ne7 25. Rxb7 Rfd8 26. Qb3+ Rd5 27. Rxd5 Rc1+ 28. Rd1+ Kh8 29. Rxc1 Qe5 1-0

[Event "Crema op 16th"]
[Site "Crema"]
[Date "2015.09.04"]
[Round "1"]
[White "Bontempi, Piero"]
[Black "Bongiorni, Gabriele"]
[Result "1-0"]
[WhiteElo "2364"]
[BlackElo "1817"]
[PlyCount "93"]
[EventDate "2015.09.04"]
[EventType "swiss"]
[EventRounds "6"]
[EventCountry "ITA"]
[SourceTitle "EXT 2024"]
[Source "ChessBase"]
[SourceDate "2023.10.10"]
[SourceVersion "1"]
[SourceVersionDate "2023.10.10"]
[SourceQuality "1"]

1. e4 c5 2. b3 d6 3. Bb2 Nc6 4. Bb5 Bd7 5. f4 a6 6. Bxc6 Bxc6 7. Qe2 Nf6 8. Nc3 e6 9. Nf3 Be7 10. 0-0-0 b5 11. e5 b4 12. exf6 bxc3 13. dxc3 Bxf6 14. f5 e5 15. c4 0-0 16. Nd2 e4 17. Qg4 Bxb2+ 18. Kxb2 Qf6+ 19. c3 Rfe8 20. Rhe1 Re5 21. Nxe4 Bxe4 22. Rxe4 Rxf5 23. Re2 h5 24. Qe4 Rd8 25. Qc6 Rf2 26. Rdd2 Rf1 27. Qc7 a5 28. Qxa5 Rf8 29. Qa6 Qf5 30. Rc2 Rd1 31. Red2 Rh1 32. Rc1 Rxh2 33. Qxd6 Qg5 34. Rcc2 Rh1 35. Rd1 Rxd1 36. Qxd1 Rd8 37. Qf3 Rd2 38. a4 h4 39. a5 Qd8 40. a6 Rxc2+ 41. Kxc2 Qa5 42. Qa8+ Kh7 43. Kb2 Qc7 44. a7 Qf4 45. Qd5 Qf2+ 46. Ka3 Qg1 47. Qh5+ 1-0

[Event "La Piazzetta op 1st"]
[Site "Casalpusterlengo"]
[Date "2014.10.05"]
[Round "4"]
[White "Bongiorni, Gabriele"]
[Black "Nordio, Giorgio"]
[Result "1-0"]
[WhiteElo "1800"]
[BlackElo "1718"]
[PlyCount "55"]
[EventDate "2014.10.03"]
[EventType "swiss"]
[EventRounds "5"]
[EventCountry "ITA"]
[SourceTitle "EXT 2016"]
[Source "ChessBase"]
[SourceDate "2015.10.08"]
[SourceVersion "1"]
[SourceVersionDate "2015.10.08"]
[SourceQuality "1"]

1. d4 c6 2. c4 d5 3. Nf3 Nf6 4. e3 Bf5 5. Nc3 e6 6. Bd3 Bxd3 7. Qxd3 dxc4 8. Qxc4 Nbd7 9. 0-0 Be7 10. Bd2 0-0 11. Rac1 Rc8 12. Qe2 Bd6 13. Rfd1 Qe7 14. e4 e5 15. Bg5 exd4 16. Nxd4 Bc5 17. Nf5 Qe6 18. Qf3 Ne5 19. Qg3 Ng6 20. Bxf6 Qxf6 21. Na4 Bb6 22. Nxb6 axb6 23. h4 Ne7 24. Rd7 Nxf5 25. exf5 Qxb2 26. Rcd1 Qxa2 27. f6 Qb2 28. Qxg7# 1-0

[Event "Crema op 15th"]
[Site "Crema"]
[Date "2013.09.01"]
[Round "5"]
[White "Gerundino, Nicola"]
[Black "Bongiorni, Gabriele"]
[Result "1-0"]
[WhiteElo "1965"]
[BlackElo "1806"]
[PlyCount "95"]
[EventDate "2013.08.30"]
[EventType "swiss"]
[EventRounds "6"]
[EventCountry "ITA"]
[SourceTitle "EXT 2015"]
[Source "ChessBase"]
[SourceDate "2014.11.20"]
[SourceVersion "1"]
[SourceVersionDate "2014.11.20"]
[SourceQuality "1"]

1. e4 c5 2. Nf3 d6 3. d4 cxd4 4. Qxd4 Nc6 5. Bb5 Bd7 6. Bxc6 bxc6 7. c4 Qb6 8. Be3 Qxd4 9. Bxd4 e5 10. Bc3 f5 11. Nbd2 Nf6 12. exf5 Bxf5 13. 0-0 Be7 14. Rfe1 0-0 15. Nxe5 dxe5 16. Rxe5 Nd5 17. cxd5 Bd6 18. Ree1 cxd5 19. Nf3 Be4 20. Ng5 Bc5 21. Nxe4 dxe4 22. Re2 Rad8 23. g3 Rd3 24. Kg2 Rdf3 25. Be1 e3 26. fxe3 Bxe3 27. Rd1 Bb6 28. Rd7 R3f7 29. Rxf7 Kxf7 30. Bf2 Rc8 31. Bxb6 axb6 32. Kf2 h6 33. Ke1 Rc6 34. Kd2 Kf6 35. Kd3 Kf5 36. a4 Kg4 37. b4 g5 38. b5 Rd6+ 39. Kc4 Kf3 40. Rb2 Ke3 41. a5 Rd4+ 42. Kb3 bxa5 43. Kc3 a4 44. b6 a3 45. Rb3 Ra4 46. b7 a2 47. Kb2+ Kf2 48. Ka1 1-0

[Event "Crema op 15th"]
[Site "Crema"]
[Date "2013.08.30"]
[Round "2"]
[White "Bongiorni, Gabriele"]
[Black "Ventura, Franco"]
[Result "1/2-1/2"]
[WhiteElo "1806"]
[BlackElo "2091"]
[PlyCount "105"]
[EventDate "2013.08.30"]
[EventType "swiss"]
[EventRounds "6"]
[EventCountry "ITA"]
[SourceTitle "EXT 2015"]
[Source "ChessBase"]
[SourceDate "2014.11.20"]
[SourceVersion "1"]
[SourceVersionDate "2014.11.20"]
[SourceQuality "1"]

1. d4 f5 2. c4 e6 3. g3 Nf6 4. Bg2 Be7 5. Nf3 0-0 6. Nc3 d6 7. Qc2 a5 8. 0-0 Nc6 9. a3 e5 10. d5 Nb8 11. Ng5 Na6 12. Ne6 Bxe6 13. dxe6 Nc5 14. Be3 Nxe6 15. Qxf5 Nd4 16. Bxd4 exd4 17. Qe6+ Kh8 18. Nd5 Nxd5 19. cxd5 Bf6 20. Rab1 Re8 21. Qg4 Qe7 22. Qe6 Qxe6 23. dxe6 Rxe6 24. Bxb7 Rb8 25. Bf3 c5 26. Rfc1 g6 27. Kf1 Ree8 28. Bd5 Rb6 29. b3 Reb8 30. a4 Rb4 31. f4 Re8 32. Rc4 Rbb8 33. Rcc1 Kg7 34. Rd1 Re7 35. Bc4 Rbe8 36. Bb5 Rd8 37. Rbc1 Rc7 38. Rc2 Kf7 39. Kf2 Re7 40. Rdc1 Re3 41. Rd2 h5 42. Rd3 Re7 43. Kf3 g5 44. Rc2 gxf4 45. gxf4 Bh8 46. e4 Kf6 47. Rg2 Rg7 48. Rxg7 Bxg7 49. Bc4 Bh6 50. Rd1 Rd7 51. Rg1 Rg7 52. Rxg7 Bxg7 53. h3 1/2-1/2

[Event "Codogno op-A 4th"]
[Site "Codogno"]
[Date "2012.09.23"]
[Round "5"]
[White "Bongiorni, Gabriele"]
[Black "Montoli, Marco"]
[Result "1/2-1/2"]
[WhiteElo "1823"]
[BlackElo "1926"]
[PlyCount "61"]
[EventDate "2012.09.21"]
[EventType "swiss"]
[EventRounds "5"]
[EventCountry "ITA"]
[SourceTitle "EXT 2016"]
[Source "ChessBase"]
[SourceDate "2015.10.08"]
[SourceVersion "1"]
[SourceVersionDate "2015.10.08"]
[SourceQuality "1"]

1. Nf3 Nf6 2. c4 g6 3. Nc3 c5 4. e4 d6 5. d4 cxd4 6. Nxd4 Bg7 7. Be2 Nc6 8. Be3 0-0 9. 0-0 Bd7 10. f3 Nxd4 11. Bxd4 Bc6 12. Qd2 Nd7 13. Bxg7 Kxg7 14. Qd4+ Kg8 15. Rad1 Qb6 16. b3 Qxd4+ 17. Rxd4 a5 18. Nd5 Bxd5 19. exd5 Nc5 20. Re1 Rfc8 21. Bd1 Rc7 22. a4 Kg7 23. h4 h6 24. g4 g5 25. h5 Rf8 26. Bc2 Re8 27. Kg2 Nd7 28. Kg3 Ne5 29. f4 gxf4+ 30. Rxf4 f6 31. Bf5 1/2-1/2

[Event "Codogno op-A 4th"]
[Site "Codogno"]
[Date "2012.09.21"]
[Round "1"]
[White "Ferretti, Alessandro"]
[Black "Bongiorni, Gabriele"]
[Result "1-0"]
[WhiteElo "2035"]
[BlackElo "1823"]
[PlyCount "107"]
[EventDate "2012.09.21"]
[EventType "swiss"]
[EventRounds "5"]
[EventCountry "ITA"]
[SourceTitle "EXT 2016"]
[Source "ChessBase"]
[SourceDate "2015.10.08"]
[SourceVersion "1"]
[SourceVersionDate "2015.10.08"]
[SourceQuality "1"]

1. e4 c5 2. Nf3 d6 3. d4 cxd4 4. Nxd4 Nf6 5. Nc3 g6 6. Be3 a6 7. f3 b5 8. Qd2 Bb7 9. Be2 Nbd7 10. 0-0 Bg7 11. a4 b4 12. Nd1 Rb8 13. Nf2 0-0 14. Nd3 a5 15. Kh1 Qc8 16. Rfc1 Ne5 17. Nxe5 dxe5 18. Nb5 Rd8 19. Bd3 Ba6 20. Qf2 Qb7 21. Ba7 Bxb5 22. axb5 Rbc8 23. Bb6 Rd6 24. Bxa5 Rd4 25. Qe1 b3 26. Bc3 Rxd3 27. cxd3 Bh6 28. Bd2 Rxc1 29. Rxc1 Bxd2 30. Qxd2 Qxb5 31. g3 Nd7 32. Qc3 Nb6 33. Kg2 Na4 34. Qc4 Qxc4 35. dxc4 Nxb2 36. Rc3 Kf8 37. Kf1 Ke8 38. Ke2 Kd7 39. Kd2 Kc6 40. Kc1 Na4 41. Rxb3 Nc5 42. Ra3 f5 43. Kc2 fxe4 44. fxe4 Nxe4 45. Re3 Nd6 46. Rxe5 Nxc4 47. Rxe7 Kd6 48. Rxh7 Ke6 49. Kd3 Ne5+ 50. Ke2 Kf5 51. Rh4 g5 52. Ra4 g4 53. Ke3 Ng6 54. Ra5+ 1-0

[Event "Codogno op 3rd"]
[Site "Codogno"]
[Date "2011.10.15"]
[Round "3"]
[White "Bongiorni, Gabriele"]
[Black "Astengo, Marcello"]
[Result "0-1"]
[WhiteElo "1816"]
[BlackElo "2045"]
[PlyCount "90"]
[EventDate "2011.10.14"]
[EventType "swiss"]
[EventRounds "5"]
[EventCountry "ITA"]
[SourceTitle "CBM 144 Extra"]
[Source "ChessBase"]
[SourceDate "2011.10.28"]
[SourceVersion "1"]
[SourceVersionDate "2011.10.28"]
[SourceQuality "1"]

1. d4 d5 2. c4 c6 3. Nf3 e6 4. e3 Nf6 5. Bd3 Nbd7 6. 0-0 dxc4 7. Bxc4 b5 8. Bd3 Bb7 9. Nbd2 a6 10. b3 c5 11. Bb2 Be7 12. Qe2 0-0 13. Rfd1 cxd4 14. Nxd4 Ne5 15. Nf5 Qxd3 16. Nxe7+ Kh8 17. Qxd3 Nxd3 18. Bxf6 gxf6 19. Nf1 Rad8 20. Rd2 Rd7 21. Rad1 Rfd8 22. Ng3 Kg7 23. Nh5+ Kf8 24. Nxf6 Rd6 25. Neg8 Kg7 26. Kf1 Bxg2+ 27. Kxg2 Nf4+ 28. exf4 Rxd2 29. Rg1 Rxg8 30. Nxg8 Kxg8 31. Kf3+ Kf8 32. Ra1 Ke7 33. Ke3 Rc2 34. b4 Rc3+ 35. Ke2 Ra3 36. f3 Kf6 37. Kf2 Kf5 38. Kg3 f6 39. h3 h6 40. Rc1 Rxa2 41. Rc5+ e5 42. fxe5 fxe5 43. Rc6 h5 44. Rh6 Kg5 45. Re6 h4# 0-1

[Event "Crema op 10th"]
[Site "Crema"]
[Date "2008.09.07"]
[Round "6"]
[White "Bongiorni, Gabriele"]
[Black "Madaschi, Sergio"]
[Result "0-1"]
[WhiteElo "1813"]
[BlackElo "1595"]
[PlyCount "86"]
[EventDate "2008.09.05"]
[EventType "swiss"]
[EventRounds "6"]
[EventCountry "ITA"]
[SourceTitle "EXT 2011"]
[Source "ChessBase"]
[SourceDate "2010.11.26"]
[SourceVersion "1"]
[SourceVersionDate "2010.11.26"]
[SourceQuality "1"]

1. d4 Nf6 2. c4 g6 3. Nc3 Bg7 4. e4 d6 5. Bd3 0-0 6. Nge2 e5 7. d5 Nbd7 8. b4 a5 9. f3 axb4 10. Nb5 Nc5 11. Be3 c6 12. Bxc5 dxc5 13. dxc6 bxc6 14. a4 cxb5 15. cxb5 Qb6 16. Bc4 Be6 17. Qb3 Bxc4 18. Qxc4 Ra7 19. 0-0 Rfa8 20. f4 Nd7 21. Rad1 Qc7 22. f5 Nb6 23. Qb3 Rxa4 24. fxg6 hxg6 25. Qh3 c4 26. Nc1 Ra3 27. Qh4 b3 28. Rd2 c3 29. Rd3 b2 30. Ne2 Ra1 31. Nxc3 Rxf1+ 32. Kxf1 Ra1+ 33. Ke2 b1Q 34. Nxb1 Rxb1 35. Rd8+ Bf8 36. Qf6 Nd7 37. Qg5 Qc2+ 38. Qd2 Qxe4+ 39. Kf2 Qf4+ 40. Ke2 Qf1+ 41. Ke3 Rb3+ 42. Ke4 Qc4+ 43. Qd4 Qxd4# 0-1

[Event "Crema op 10th"]
[Site "Crema"]
[Date "2008.09.06"]
[Round "4"]
[White "Annoni, Riccardo"]
[Black "Bongiorni, Gabriele"]
[Result "1-0"]
[WhiteElo "2068"]
[BlackElo "1813"]
[PlyCount "54"]
[EventDate "2008.09.05"]
[EventType "swiss"]
[EventRounds "6"]
[EventCountry "ITA"]
[SourceTitle "EXT 2011"]
[Source "ChessBase"]
[SourceDate "2010.11.26"]
[SourceVersion "1"]
[SourceVersionDate "2010.11.26"]
[SourceQuality "1"]

1. d4 Nf6 2. Nf3 d5 3. c4 c6 4. cxd5 cxd5 5. Nc3 Nc6 6. Bf4 a6 7. e3 e6 8. Rc1 Bb4 9. Bd3 0-0 10. 0-0 Nh5 11. Bg5 Be7 12. Bxe7 Qxe7 13. Ne5 Nxe5 14. Bxh7+ Kxh7 15. Qxh5+ Kg8 16. Qxe5 b5 17. Nxd5 Qd8 18. Nc7 Ra7 19. Qc5 Rb7 20. Nxa6 Rd7 21. Nb4 Rd6 22. Qc7 Ba6 23. Qxd8 Rfxd8 24. Rc5 f6 25. a3 e5 26. dxe5 fxe5 27. Nxa6 Rxa6 1-0

[Event "Crema op 10th"]
[Site "Crema"]
[Date "2008.09.06"]
[Round "3"]
[White "Bongiorni, Gabriele"]
[Black "Calabrese, Maurizio"]
[Result "1-0"]
[WhiteElo "1813"]
[BlackElo "1588"]
[PlyCount "53"]
[EventDate "2008.09.05"]
[EventType "swiss"]
[EventRounds "6"]
[EventCountry "ITA"]
[SourceTitle "EXT 2011"]
[Source "ChessBase"]
[SourceDate "2010.11.26"]
[SourceVersion "1"]
[SourceVersionDate "2010.11.26"]
[SourceQuality "1"]

1. d4 Nf6 2. c4 e6 3. g3 c6 4. Bg2 Bb4+ 5. Bd2 Be7 6. e4 d5 7. e5 Ne4 8. Qg4 Nxd2 9. Qxg7 Rf8 10. Nxd2 dxc4 11. Ne2 c5 12. Nxc4 cxd4 13. 0-0 Nc6 14. Rfd1 Qc7 15. Rac1 Bd7 16. Nxd4 0-0-0 17. Nb5 Qb8 18. Qxh7 Qa8 19. Qd3 Kb8 20. Qb3 Bc8 21. Bxc6 Rxd1+ 22. Rxd1 bxc6 23. Nbd6+ Bb7 24. Na5 Bxd6 25. Rxd6 Kc7 26. Qd3 Rd8 27. Nxb7 1-0

[Event "Crema op 10th"]
[Site "Crema"]
[Date "2008.09.05"]
[Round "2"]
[White "Barucco, Mattia"]
[Black "Bongiorni, Gabriele"]
[Result "1-0"]
[WhiteElo "2029"]
[BlackElo "1813"]
[PlyCount "161"]
[EventDate "2008.09.05"]
[EventType "swiss"]
[EventRounds "6"]
[EventCountry "ITA"]
[SourceTitle "EXT 2011"]
[Source "ChessBase"]
[SourceDate "2010.11.26"]
[SourceVersion "1"]
[SourceVersionDate "2010.11.26"]
[SourceQuality "1"]

1. e4 c5 2. Nf3 Nc6 3. Bb5 g6 4. 0-0 Bg7 5. Re1 Qb6 6. a4 a6 7. Bxc6 Qxc6 8. Nc3 b6 9. d4 cxd4 10. Nxd4 Qd6 11. Be3 Bb7 12. Qd2 Rc8 13. f3 Qc7 14. Qf2 Ba8 15. Ra3 Nf6 16. Nde2 0-0 17. Bxb6 Qc6 18. a5 d6 19. Nf4 Nd7 20. Nfd5 Rfe8 21. Be3 e6 22. Nb6 Nxb6 23. Bxb6 Qd7 24. Bd4 e5 25. Be3 Bc6 26. Rd1 Bf8 27. Nd5 Bxd5 28. Rxd5 Rc6 29. Rad3 Rec8 30. Rd2 Qe6 31. c3 f5 32. Qe2 f4 33. Bb6 Rc4 34. Qd3 Qf6 35. Rc2 Qh4 36. Bf2 Qe7 37. b3 R4c6 38. c4 Qb7 39. Kf1 Qb4 40. Be1 Qa3 41. Qc3 Rb8 42. Rd3 Rc7 43. Bf2 Qb4 44. Bb6 Qxc3 45. Rdxc3 Rc6 46. Rc1 Be7 47. Ke2 Kf7 48. Rb1 Bd8 49. Bxd8 Rxd8 50. Kd3 Rdc8 51. b4 Ke6 52. Rb2 g5 53. Rcc2 h5 54. Rc3 g4 55. Kc2 Kd7 56. Kb3 Kc7 57. b5 Rc5 58. Rd2 Kd7 59. Rcd3 axb5 60. Rxd6+ Ke8 61. cxb5 Rxb5+ 62. Ka4 Rb1 63. R6d5 Rcb8 64. Rxe5+ Kf7 65. Rf5+ Ke6 66. Rd3 Ra1+ 67. Ra3 Rab1 68. a6 gxf3 69. gxf3 h4 70. a7 Ra8 71. Ra5 h3 72. Ra6+ Ke5 73. Rb3 Ra1+ 74. Ra3 Rg1 75. Rd3 Ra1+ 76. Kb5 Rb1+ 77. Kc6 Rb2 78. Kc7 Rb5 79. Rd5+ Rxd5 80. exd5 Kxd5 81. Kb7 1-0